000 00730nam a2200253Ia 4500
003 OSt
005 20220926012140.0
006 a|||||r|||| 00| 0
007 ta
008 220923b |||||||| |||| 00| 0 eng d
020 _a0854496519X
037 _cGeneral Book
040 _aRTL
_cRTL
_beng
041 _2eng
_aeng
082 _aX9:75.53.N18<--N14, M7
100 _aGodfrey John F
_9315618
245 0 _aCapitalism at war
_bIndustrial policy and bureaucra
260 _aNew York
_bBerg
_c1987
300 _axiv,313p
_ccm.
500 _aBibliography P 301-09
650 _aIndustrial Economy
942 _hX9:75.53.N18<--N14, M7
_cGB
_2CC
999 _c621890
_d621890